[Event "M.Chigorin Memorial 2013"]
[Site "St. Petersburg"]
[Date "2013.10.05"]
[Round "1.35"]
[White "Grinblat, Artemiy"]
[Black "Bernadskiy, Vitaliy"]
[Result "0-1"]
[WhiteElo "2058"]
[BlackElo "2527"]
[PlyCount "94"]
[EventDate "2013.10.05"]

1. e4 c6 2. d4 d5 3. e5 c5 4. Nf3 Nc6 5. dxc5 Bg4 6. Bb5 e6 7. b4 a5 8. c3 Qc7
9. Nbd2 Nge7 10. O-O g5 11. h3 Bh5 12. Nb3 axb4 13. cxb4 h6 14. Nbd4 Bg7 15.
Bxc6+ bxc6 16. b5 Bxf3 17. Qxf3 Qxe5 18. Bb2 Qe4 19. Qxe4 dxe4 20. b6 O-O-O 21.
Rad1 Rd7 22. Rd2 Be5 23. Rfd1 Rhd8 24. b7+ Rxb7 25. Nxc6 Rxd2 26. Nxe7+ Rxe7
27. Rxd2 Bxb2 28. Rxb2 Rb7 29. Rd2 Rb4 30. Rc2 Kc7 31. Kf1 Kc6 32. Ke2 f5 33.
f3 exf3+ 34. Kxf3 Rb5 35. Re2 Kd5 36. g4 Rxc5 37. gxf5 exf5 38. Re3 Ra5 39.
Rd3+ Ke5 40. a3 h5 41. Rb3 f4 42. Rc3 Kf5 43. Rb3 Rc5 44. a4 g4+ 45. hxg4+
hxg4+ 46. Kg2 Rc2+ 47. Kg1 g3 0-1

[Event "M.Chigorin Memorial 2013"]
[Site "St. Petersburg"]
[Date "2013.10.05"]
[Round "1.37"]
[White "Ivanov, Sergei V"]
[Black "Sivuk, Vitaly"]
[Result "0-1"]
[WhiteElo "2053"]
[BlackElo "2517"]
[PlyCount "106"]
[EventDate "2013.10.05"]

1. e4 c5 2. Nc3 a6 3. g3 b5 4. Bg2 Bb7 5. Nge2 e6 6. O-O Nf6 7. d3 d6 8. f4
Nbd7 9. f5 e5 10. h3 h5 11. Be3 Be7 12. Nd5 Nxd5 13. exd5 Bg5 14. Bxg5 Qxg5 15.
c4 Qe3+ 16. Kh1 Nf6 17. Rf3 Qh6 18. Qc1 Qxc1+ 19. Rxc1 Ke7 20. Nc3 Rhb8 21. Rf2
Bc8 22. Nd1 Bd7 23. Ne3 Ra7 24. Bf3 a5 25. g4 hxg4 26. hxg4 Nh7 27. Rh2 Ng5 28.
Bd1 Raa8 29. Rcc2 Kf6 30. Nf1 bxc4 31. dxc4 Rh8 32. Ng3 g6 33. Rcf2 Rxh2+ 34.
Rxh2 e4 35. Bc2 Re8 36. Rf2 Ke5 37. Kg2 Kd4 38. b3 gxf5 39. gxf5 e3 40. Ne2+
Ke5 41. Rf4 Rg8 42. Kf1 Rh8 43. Kg2 f6 44. Bd3 Be8 45. Rf1 Rh4 46. Ng3 Bh5 47.
Be2 Bxe2 48. Nxe2 Rg4+ 49. Kh2 Ke4 50. a3 Kd3 51. Ng1 e2 52. Rb1 Ke3 53. b4 Kf2
0-1

[Event "M.Chigorin Memorial 2013"]
[Site "St. Petersburg"]
[Date "2013.10.05"]
[Round "1.57"]
[White "Kantyshev, Nikita"]
[Black "Khusenkhojaev, Muhammad"]
[Result "0-1"]
[WhiteElo "1979"]
[BlackElo "2411"]
[PlyCount "60"]
[EventDate "2013.10.05"]

1. e4 e5 2. Nf3 Nc6 3. Bb5 a6 4. Bxc6 dxc6 5. d4 exd4 6. Qxd4 Qxd4 7. Nxd4 Bd7
8. O-O O-O-O 9. Bf4 Ne7 10. Nd2 c5 11. N4b3 b6 12. a4 a5 13. Nc4 Ng6 14. Bg3 f5
15. exf5 Bxf5 16. Ne3 Be4 17. f3 Bc6 18. f4 Be7 19. f5 Bg5 20. Rae1 Nh4 21. Nc4
Nxg2 22. Re2 Bd5 23. Nbd2 Rhe8 24. Rff2 Ne3 25. h4 Bh6 26. Ne5 Nxc2 27. Ng4
Bxd2 28. Rxd2 Re1+ 29. Rf1 Rxf1+ 30. Kxf1 Bc4+ 0-1

[Event "M.Chigorin Memorial 2013"]
[Site "St. Petersburg"]
[Date "2013.10.05"]
[Round "1.70"]
[White "Solovjov, Sergey I"]
[Black "Shpakovsky, Kirill"]
[Result "1-0"]
[WhiteElo "2381"]
[BlackElo "1891"]
[PlyCount "55"]
[EventDate "2013.10.05"]

1. e4 c6 2. d4 d5 3. f3 e6 4. Nc3 b6 5. Be3 Bb4 6. Nge2 Ba6 7. Qd2 Ne7 8. O-O-O
O-O 9. a3 Bxc3 10. Nxc3 Bxf1 11. Rhxf1 Nd7 12. h4 Rc8 13. h5 c5 14. h6 g6 15.
exd5 exd5 16. dxc5 Nxc5 17. Kb1 Re8 18. Bg5 Ne6 19. Bxe7 Qxe7 20. Nxd5 Qd8 21.
Qe3 Nc7 22. Qd4 Ne6 23. Nf6+ Kh8 24. Qe5 Qc7 25. Qxc7 Nxc7 26. Nxe8 Rxe8 27.
Rd7 Ne6 28. Rxf7 1-0

[Event "M.Chigorin Memorial 2013"]
[Site "St. Petersburg"]
[Date "2013.10.05"]
[Round "1.93"]
[White "Malova, Anna"]
[Black "Gorozhanin, Mikhail"]
[Result "1/2-1/2"]
[WhiteElo "1817"]
[BlackElo "2315"]
[PlyCount "128"]
[EventDate "2013.10.05"]

1. e4 c5 2. Nf3 g6 3. d4 cxd4 4. Nxd4 Bg7 5. c4 Nc6 6. Be3 Nf6 7. Nc3 Ng4 8.
Qxg4 Nxd4 9. Qd1 Ne6 10. Qd2 d6 11. g3 Qa5 12. Rc1 Bxc3 13. Qxc3 Qxc3+ 14. Rxc3
Bd7 15. f3 Bc6 16. Kf2 O-O 17. h4 a5 18. b3 Nc5 19. e5 Nd7 20. exd6 exd6 21.
Bh3 Ne5 22. Bh6 Rfe8 23. Rd1 f5 24. Bf4 Re6 25. Re3 Rae8 26. Rd2 a4 27. Bf1
axb3 28. axb3 Nf7 29. Red3 Re1 30. Bxd6 Nxd6 31. Rxd6 Bxf3 32. Rd8 Bc6 33. b4
R1e7 34. b5 Be4 35. Rxe8+ Rxe8 36. Rd7 Ra8 37. c5 Ra3 38. Bc4+ Kh8 39. Bd5 Bxd5
40. Rxd5 Rc3 41. b6 Kg7 42. Rd7+ Kf6 43. Rxb7 Rxc5 44. Rxh7 Rb5 45. b7 Rb3 46.
Ke2 Ke5 47. Re7+ Kd6 48. Rg7 Ke5 49. Rxg6 Rxb7 50. h5 Rb2+ 51. Kf3 Rh2 52. h6
Rh1 53. Kg2 Rh5 54. Ra6 Ke4 55. Rb6 Ke5 56. Kf3 Rh2 57. Ra6 Rh1 58. Ke3 Re1+
59. Kf2 Rh1 60. Kg2 Rh5 61. Ra5+ Kf6 62. g4 Rxh6 63. Rxf5+ Kg6 64. Kg3 Rh1
1/2-1/2

[Event "M.Chigorin Memorial 2013"]
[Site "St. Petersburg"]
[Date "2013.10.05"]
[Round "1.101"]
[White "Tarakanova, Valeria"]
[Black "Sichinava, Zviad"]
[Result "0-1"]
[WhiteElo "1775"]
[BlackElo "2305"]
[PlyCount "126"]
[EventDate "2013.10.05"]

1. e4 g6 2. d4 Bg7 3. f4 d6 4. Nc3 Nf6 5. Nf3 O-O 6. Bc4 c5 7. O-O cxd4 8. Nxd4
Qb6 9. e5 dxe5 10. fxe5 Ng4 11. Nce2 Nxe5 12. Bb3 Nbc6 13. Kh1 Ng4 14. Nxc6
bxc6 15. Qe1 Ba6 16. h3 Ne3 17. Rf3 Nf5 18. c3 e5 19. Ng3 Nxg3+ 20. Rxg3 e4 21.
Be3 Qc7 22. Bc5 Rfe8 23. Re3 Qf4 24. Rd1 Be5 25. g3 Qf5 26. Rxe4 Qxh3+ 27. Kg1
Qf5 28. Bd6 Bxd6 29. Rxe8+ Rxe8 30. Qxe8+ Kg7 31. Qxf7+ Qxf7 32. Bxf7 Bc5+ 33.
Kg2 Kxf7 34. Rd7+ Kg8 35. Rc7 Bb6 36. Rd7 Bc4 37. b3 Bd5+ 38. Kf1 Be4 39. Ke2
h5 40. a3 Bf5 41. Rb7 Bg4+ 42. Kf1 g5 43. c4 h4 44. gxh4 gxh4 45. Kg2 Bd4 46.
Re7 Bf5 47. b4 Kf8 48. Re1 Kf7 49. b5 cxb5 50. cxb5 Kf6 51. a4 h3+ 52. Kh1 Bb6
53. Rc1 Kg5 54. Rc4 Be6 55. Rc1 Kg4 56. Rd1 Bf5 57. Re1 Kg3 58. Re8 Bc7 59.
Rg8+ Kf4 60. Rf8 Bd6 61. Rg8 Be5 62. a5 Ke3 63. b6 Be4+ 0-1